ბათუმის შოთა რუსთაველის სახელმწიფო უნივერსიტეტის ბიბლიოთეკა

კონკურენტული სტრატეგიები საქართველოს საკონტეინერო გადაზიდვებში და გლობალურ სატრანსპორტო ბაზარზე ინტეგრაციის პერსპექტივებში : (ბიბ.ჩანაწერი № 59826)

000 -ლიდერი
ფიქსირებული სიგრძის საკონტროლო ველი 02050nam a22002297a 4500
003 - საკონტროლო ნომრის იდენტიფიკატორი
საკონტროლო ველი Ge_BSU
005 - ბოლო ოპერაციის თარიღი და დრო
საკონტროლო ველი 20230425141314.0
008 - ფიქსირებული სიგრძის მონაცემთა ელემენტები - ზოგადი ინფორმაცია
ფიქსირებული სიგრძის საკონტროლო ველი 230425s2023ge xxu||||| |||| 00| 0 geo d
041 ## - ენის კოდი
Language code of text/sound track or separate title geo
080 ## - უნივერსალური ათობითი კლასიფიკაციის ინდექსი
Universal Decimal Classification number 33 წ-56
100 ## - მთავარი ჩანაწერი - პიროვნების სახელი
Personal name წილოსანი,ამირან
9 (RLIN) 17776
245 ## - ცნობა სათაურის შესახებ
Title კონკურენტული სტრატეგიები საქართველოს საკონტეინერო გადაზიდვებში და გლობალურ სატრანსპორტო ბაზარზე ინტეგრაციის პერსპექტივებში :
Remainder of title დიესტრაცია /
Statement of responsibility, etc ამირან წილოსანი, სამეცნ.ხელმძღ. ბადრი გეჩბაია
264 ## - წარმოების, გამოცემის, დისტრიბუციის და სხვა ცნობები
გამოცემის, წარმოების, დისტრიბუციის... ადგილი ბათუმი :
გამოცემის, წარმოების, დისტრიბუციის... სახელწოდება ბათუმის სახელმწიფო უნივერსიტეტი,
გამოცემის, წარმოების, დისტრიბუციის... თარიღი 2023.
300 ## - ფიზიკური აღწერა
Extent 174 გვ.:
Other physical details ილ,
Dimensions 29 სმ.
653 ## - INDEX TERM--UNCONTROLLED
Uncontrolled term კონკურენტული სტრატეგიები საქართველოს საკონტეინერო გადაზიდვებში და გლობალურ სატრანსპორტო ბაზარზე ინტეგრაციის პერსპექტივებში
653 ## - INDEX TERM--UNCONTROLLED
Uncontrolled term ეკონომიკა
653 ## - INDEX TERM--UNCONTROLLED
Uncontrolled term დისერტაცია
700 ## - ADDED ENTRY--PERSONAL NAME
Personal name გეჩბაია, ბადრი
Relator term სამეცნიერო ხელმძღვანელი
9 (RLIN) 17777
710 ## - ADDED ENTRY--CORPORATE NAME
Corporate name or jurisdiction name as entry element ბათუმის შოთა რუსთაველის სახელმწიფო უნივერსიტეტი
9 (RLIN) 17778
710 ## - ADDED ENTRY--CORPORATE NAME
Corporate name or jurisdiction name as entry element ეკონომიკისა და ბიზნესის ფაკულტეტი ბიზნესის ადმინისტრირების მენეჯმენტისა და მარკეტინგის დეპარტამენტი
9 (RLIN) 3220
942 ## - ADDED ENTRY ELEMENTS (KOHA)
Source of classification or shelving scheme
Koha item type დისერტაცია
ეგზემპლარები
ჩამოწერის სტატუსი დაკარგული ეგზემპლარის სტატუსი კლასიფიკაციის წყარო ან თაროზე გაწყობის სქემა დაზიანების სტატუსი არ გაიცემა მუდმივი მდებარეობა (დაცვის ადგილი) ამჟამინდელი ადგილსამყოფელი თაროზე განთავსების ადგილი შეძენის თარიღი სრული შენახვის შიფრი შტრიხკოდი ბოლო ოპერაციის თარიღი ეგზემპლარის მიმდევრობითი ნომერი (კეტერი?) ფასის ძალაში შესვლის თარიღი ეგზემპლარის სახეობა
          ბათუმის შოთა რუსთაველის სახელმწიფო უნივერსიტეტის მთავარი ბიბლიოთეკა ბათუმის შოთა რუსთაველის სახელმწიფო უნივერსიტეტის მთავარი ბიბლიოთეკა წიგნსაცავი 2023-04-25 33 წ-56 412 დისერტაცია 2023-04-25 412 დისერტაცია 2023-04-25 დისერტაცია